Business Environment (Record no. 979)

MARC details
000 -LEADER
fixed length control field 00393nam a22001697a 4500
005 - DATE AND TIME OF LATEST TRANSACTION
control field 20160518095256.0
008 - FIXED-LENGTH DATA ELEMENTS--GENERAL INFORMATION
fixed length control field 160518b xxu||||| |||| 00| 0 eng d
020 ## - INTERNATIONAL STANDARD BOOK NUMBER
ISBN 81-7446-557-X
041 ## - LANGUAGE CODE
Language code of text/sound track or separate title eng
082 ## - DEWEY DECIMAL CLASSIFICATION NUMBER
Item number 2716
100 ## - MAIN ENTRY--AUTHOR NAME
Personal name Mittal Vivek
245 ## - TITLE STATEMENT
Title Business Environment
260 ## - PUBLICATION, DISTRIBUTION, ETC. (IMPRINT)
Place of publication New Delhi
Name of publisher Excel Books,
Year of publication 2007
300 ## - PHYSICAL DESCRIPTION
Number of Pages 602
650 ## - SUBJECT ADDED ENTRY--TOPICAL TERM
Topical Term Management
942 ## - ADDED ENTRY ELEMENTS (KOHA)
Koha item type Books
Holdings
Lost status Damaged status Collection code Home library Current library Shelving location Date acquired Cost, normal purchase price Full call number Accession Number Koha item type
    MANAGEMENT JRU Library JRU Library SHELF-60-F 18/05/2016 325.00 2716 2716 Books
    MANAGEMENT JRU Library JRU Library SHELF-60-F 18/05/2016 325.00 2716 2717 Books
    MANAGEMENT JRU Library JRU Library SHELF-60-F 18/05/2016 325.00 2716 2718 Books
    Reference JRU Library   SHELF-30-D 18/05/2016 325.00 2716 2719 Books
    MANAGEMENT JRU Library JRU Library SHELF-60-F 18/05/2016 325.00 2716 2720 Books
      JRU Library     18/05/2016 325.00 2716 2721 Books